000 00392nam a22001217a 4500
999 _c10169
_d10169
003 OSt
008 201218b ||||| |||| 00| 0 eng d
245 _aInternational Journal of Computational Intelligence Research
250 _a2012(Jan-Jun Vol.8 No.1, Jul-Dec Vol.8 No.2)
260 _aNew Delhi
_bResearch india publications
650 _aBachelor of Computer Applications
942 _2ddc
_cBV